Statistics for The Jeopardy! Quiz

Click here to take the quiz!

General Stats

  • This quiz has been taken 120 times
    (70 since last reset)
  • The average score is 8 of 20

Answer Stats

HintAnswer% Correct
Who was the host of Jeopardy from 1984 to 2020?Alex Trebek
95%
What is the second round in a regular Jeopardy game called?Double Jeopardy!
89%
Who is the longest winning consecutive player in Jeopardy history?Ken Jennings
84%
What is the last round in a regular Jeopardy game called?Final Jeopardy!
78%
Which questions can you place a bet on answers?Daily Double
73%
Contestants love to say this quote, for which they will bet all of their money in the answer above?True Daily Double
60%
Who is the official current host of Jeopardy?Mayim Bialik
52%
How many games did the player above play in his initial appearance?75
49%
Who are the two champions that have won over 30 games in the 38th season of Jeopardy?Amy Schneider
38%
Who has broken the most records in Jeopardy History?James Holzhauer
37%
Who has won the most money in Jeopardy History?Brad Rutter
30%
What robot did two players have to play against in a special in Jeopardy?Watson
29%
Who are the two champions that have won over 30 games in the 38th season of Jeopardy?Matt Amodio
27%
And how much money has he roughly earned on the show?$5,038,436
22%
Who was the original host of Jeopardy?Art Fleming
21%
What is the name of the Jeopardy category that is an amalgamation of not guessed previous answers?Potpourri
19%
What contestant invented the "Forrest Bounce"Chuck Forrest
17%
What is the signature move of the player above?The Push
13%
Who was the highest winning female contestant on Jeopardy?Julia Collins
6%
Who previously held the highest amount of winnings in a single game?Roger Craig
5%

Score Distribution

Percentile by Number Answered

Percent of People with Each Score

Your Score History

You have not taken this quiz since the last reset